| 000 | 00361nam a2200133 a 4500 | ||
|---|---|---|---|
| 005 | 20140414131922.0 | ||
| 008 | 101023s19uu xx 00 eng d | ||
| 050 |
_aER _bAr1 1997 |
||
| 100 | _aFaraday, Joyce | ||
| 245 | _aAround the world in eighty days. | ||
| 260 |
_bLadybird, _c1997. _aLeicestershire, U.K. : |
||
| 440 | _aLadybird classics | ||
| 999 |
_c111810 _d111810 |
||